00758nam a2200217 a 450000100060000000300080000600500170001400800410003102000280007203500190010004000260011904100080014508200250015311000410017824501150021926000500033430000400038450400360042465000360046070000440049659770BD-RjUL20211209080752.0161227s1978 bg ab||| ||||o001 0 eng d c: Tk 40.00 (subsidised) a(BD-RjUL)59894 aBD-RjULbengcBD-RjUL aeng 223a910.3bKHU 1978 aBangladesh.bEstablishment Division.10aBangladesh district gazetteers Khulna /bBangladesh. Establishment Division; General Editor K.G.M.Latiful Bari aDacca :bBangladesh Government Press ,c1978. ax,425p.,[13] Plates:bill. ;c24cm. aIncludes bibliography and index aBangladeshzKhulnavGazetteers. a Bari, K. G. M. Latiful, General editor